Normal view
MARC view
Entry Personal Name
001 - CONTROL NUMBER
- control field: 160172
003 - CONTROL NUMBER IDENTIFIER
- control field: OSt
005 - DATE AND TIME OF LATEST TRANSACTION
- control field: 20220923211303.0
008 - FIXED-LENGTH DATA ELEMENTS
- fixed length control field: 220923|| aca||aabn | a|a d
040 ## - CATALOGING SOURCE
- Original cataloging agency: OSt
- Transcribing agency: OSt
100 ## - HEADING--PERSONAL NAME
- Personal name: मार्क्स, कार्ल; मुरली मनोहर प्रसाद सिंह, संपा
670 ## - SOURCE DATA FOUND
- Source citation: Work cat.: (OSt)298144: मार्क्स, कार्ल; मुरली मनोहर प्रसाद सिंह, संपा., अर्थशास्त्र और दर्शन संबंधी 1844 की पांडुलिपियां, 2014
